000 00555nam a22002057a 4500
003 OSt
005 20220107122810.0
008 160319b xxu||||| |||| 00| 0 eng d
020 _a9780198093695
040 _cIIITMK
082 _a005.12028 SRI/D
100 _aSridhar, S.
_98612
245 _aDesign and analysis of algorithms
_cS. Sridhar
260 _aNew Delhi,
_bOxford University Press,
_c2015.
300 _axvi, 772p.
650 _aDATA STRUCTURE
_98653
650 _aCOMPUTER ALGORITHMS
_98613
650 _aALGORITHMS
_98657
942 _2ddc
_cBK
999 _c5015
_d5015